Jeho tenor znel za oceánom k 90. výročiu narodenia operného speváka Rudolfa Petráka

Bibliographic Details
Main Author: Lacková, Dana, 1950- (Author)
Format: Article
Language:Slovak
PhysicalDescription:Fotogr.
ISSN:0862-8823
Subjects:

MARC

LEADER 00000nab a2200000 ar4500
001 vtls009144535
003 SK-MaSNL
005 20260303063819.0
008 070928c2007 xo sr|p|||||||000 b|slo
015 |a SNBRB2007/09  |2 snkbucl 
038 |a SNKBUCL 
040 |a SNKBUCL  |b slo  |c SNKBUCL  |e AACR2 
041 |a slo 
044 |a xo  |c SK 
080 |a 78.071.2:792.5  |2 1997 
080 |a 792.5  |2 1997 
100 1 |a Lacková, Dana,  |d 1950-  |4 aut  |9 330034 
245 1 0 |a Jeho tenor znel za oceánom  |b k 90. výročiu narodenia operného speváka Rudolfa Petráka  |c Dana Lacková 
300 |b Fotogr. 
600 1 7 |a Petrák, Rudolf,  |d 1917-1972  |2 snkbucl  |9 15588 
773 0 |t Slovenské národné noviny  |g Roč. 18 (22), č. 18 (2007), s. 5  |x 0862-8823 
852 |a SNK  |b KIS3GCP 
958 |a BX 
999 |c 1744530  |d 1746460